ბათუმის შოთა რუსთაველის სახელმწიფო უნივერსიტეტის ბიბლიოთეკა

სასწავლო და პროფესიული გარმო. (ბიბ.ჩანაწერი № 36488)

000 -LEADER
fixed length control field 00844nam a2200229Ia 4500
001 - CONTROL NUMBER
control field 2406
003 - CONTROL NUMBER IDENTIFIER
control field GE_BSU
008 - FIXED-LENGTH DATA ELEMENTS--GENERAL INFORMATION
fixed length control field 181216s||||||||xx |||||||||||||| ||und||
020 ## - INTERNATIONAL STANDARD BOOK NUMBER
International Standard Book Number 9789941006777
040 ## - CATALOGING SOURCE
Transcribing agency GE_BSU
080 ## - UNIVERSAL DECIMAL CLASSIFICATION NUMBER
Universal Decimal Classification number 371.134+37.02
100 ## - MAIN ENTRY--PERSONAL NAME
Personal name ნიჟარაძე, ნინო; [და სხვ.]
245 ## - TITLE STATEMENT
Title სასწავლო და პროფესიული გარმო.
245 ## - TITLE STATEMENT
Remainder of title დამხმარე სახელმძღვანელო
245 ## - TITLE STATEMENT
Statement of responsibility, etc. [რედ. ნათია ნაცვლიშვილი, სოფიო გიორგაძე]
260 ## - PUBLICATION, DISTRIBUTION, ETC.
Place of publication, distribution, etc. თბილისი
260 ## - PUBLICATION, DISTRIBUTION, ETC.
Date of publication, distribution, etc. 2008
300 ## - PHYSICAL DESCRIPTION
Extent 160 გვ. 20 სმ.
653 ## - INDEX TERM--UNCONTROLLED
Uncontrolled term სასწავლო და პროფესიული გარმო.
942 ## - ADDED ENTRY ELEMENTS (KOHA)
Koha item type წიგნი
ეგზემპლარები
Withdrawn status Lost status Damaged status Not for loan Date acquired Barcode Date last seen Price effective from Koha item type
        2018-12-17 1168 2018-12-17 2018-12-17 წიგნი